Principles of high-fidelity sound engineering (Record no. 6103)
[ view plain ]
| 000 -LEADER | |
|---|---|
| fixed length control field | 00556nam a2200181Ia 4500 |
| 003 - CONTROL NUMBER IDENTIFIER | |
| control field | IN-BaIIA |
| 008 - FIXED-LENGTH DATA ELEMENTS--GENERAL INFORMATION | |
| fixed length control field | 211028s9999 xx 000 0 eng d |
| 040 ## - CATALOGING SOURCE | |
| Transcribing agency | IIA Library |
| 080 ## - UNIVERSAL DECIMAL CLASSIFICATION NUMBER | |
| Universal Decimal Classification number | 621.391.83 |
| Item number | SMI |
| 100 ## - MAIN ENTRY--PERSONAL NAME | |
| Personal name | Smith, D. L. A. |
| 9 (RLIN) | 10569 |
| 245 #0 - TITLE STATEMENT | |
| Title | Principles of high-fidelity sound engineering |
| Statement of responsibility, etc. | D. L. A. Smith |
| 260 ## - PUBLICATION, DISTRIBUTION, ETC. | |
| Place of publication, distribution, etc. | London |
| Name of publisher, distributor, etc. | Sir Isaac Pitman and Sons |
| Date of publication, distribution, etc. | 1963 |
| 300 ## - PHYSICAL DESCRIPTION | |
| Extent | xii, 158p. |
| 650 ## - SUBJECT ADDED ENTRY--TOPICAL TERM | |
| Topical term or geographic name entry element | Acoustics |
| 9 (RLIN) | 2250 |
| 650 ## - SUBJECT ADDED ENTRY--TOPICAL TERM | |
| Topical term or geographic name entry element | NASA Thesaurus |
| 650 ## - SUBJECT ADDED ENTRY--TOPICAL TERM | |
| Topical term or geographic name entry element | Sound Transmission |
| 9 (RLIN) | 2421 |
| 942 ## - ADDED ENTRY ELEMENTS (KOHA) | |
| Koha item type | Books |
| Withdrawn status | Lost status | Damaged status | Not for loan | Home library | Current library | Shelving location | Date acquired | Total Checkouts | Full call number | Barcode | Date last seen | Price effective from | Koha item type |
|---|---|---|---|---|---|---|---|---|---|---|---|---|---|
| IIA Library-Bangalore | IIA Library-Kavalur | General Stacks | 05/01/1979 | 621.391.83/ SMI | 6814 | 05/11/2021 | 05/01/1979 | Books |